Trade liberalisation and economic growth in India / (Record no. 57514)

MARC details
000 -LEADER
fixed length control field 01055nam a22002897a 4500
005 - DATE AND TIME OF LATEST TRANSACTION
control field 20111011115456.0
008 - FIXED-LENGTH DATA ELEMENTS--GENERAL INFORMATION
fixed length control field 111011t xxu||||| |||| 00| 0 eng d
010 ## - LCCN (DPL NO)
LC control number ENG-103939
020 ## - INTERNATIONAL STANDARD BOOK NUMBER
International Standard Book Number 9789380318189
Terms of availability 550.00
035 ## - SYSTEM CONTROL NUMBER
System control number EN-87472
037 ## - SOURCE OF ACQUISITION
Source of stock number/acquisition DBAD/PUB
040 ## - CATALOGING SOURCE
Original cataloging agency DPL
Language of cataloging Eng
082 ## - DEWEY DECIMAL CLASSIFICATION NUMBER
Classification number 382.0954
100 ## - MAIN ENTRY--PERSONAL NAME
Personal name Afaque Ahmad Khan
9 (RLIN) 35436
245 00 - TITLE STATEMENT
Title Trade liberalisation and economic growth in India /
Statement of responsibility, etc by Afaque Ahmad Khan
260 ## - PUBLICATION, DISTRIBUTION, ETC. (IMPRINT)
Place of publication, distribution, etc New Delhi
Name of publisher, distributor, etc Neha Publishers
Date of publication, distribution, etc 2012
270 ## - ADDRESS
Address 4832/24 A, Prahlad Lane, S-207, Ansari Road, Darya Ganj
City New Delhi
Postal code 110002
300 ## - PHYSICAL DESCRIPTION
Extent 223p.
Dimensions 23cm (Hb)
500 ## - GENERAL NOTE
General note Includes bibliographical references
610 ## - SUBJECT ADDED ENTRY--CORPORATE NAME
9 (RLIN) 35431
650 ## - SUBJECT ADDED ENTRY--TOPICAL TERM
9 (RLIN) 35432
651 ## - SUBJECT ADDED ENTRY--GEOGRAPHIC NAME
9 (RLIN) 35433
700 1# - ADDED ENTRY--PERSONAL NAME
9 (RLIN) 35434
942 ## - ADDED ENTRY ELEMENTS (KOHA)
Source of classification or shelving scheme Dewey Decimal Classification
Item type English Books
Classification part 382.0954
Call number suffix AFA
Holdings
Withdrawn status Lost status Source of classification or shelving scheme Damaged status Not for loan Collection code Home library Current library Date acquired Source of acquisition Cost, normal purchase price Total Checkouts Full call number Barcode Date last seen Copy number Cost, replacement price Koha item type
    Dewey Decimal Classification   Not For Loan Non-fiction D.B.Act.Division D.B.Act.Division 11/10/2011 DBAD/PUB 550.00   382.0954 AFA EN-87472 11/10/2011 1 550.00 English Books

© Delhi Public Library
Hit Counter
free hit counter